| 000 | 00751nam a2200193 i 4500 | ||
|---|---|---|---|
| 001 | 53498 | ||
| 003 | ES-MaACL | ||
| 005 | 20251001063036.0 | ||
| 007 | t| | ||
| 008 | 950929s1851 sp a |||| | spa d | ||
| 100 | 1 |
_aEzquerra del Bayo, Joaquín, _d1793-1859 _948476 |
|
| 245 | 1 | 0 |
_aElementos de laboreo de minas _b: precedidos de algunas nociones sobre geognesia y la descripción de varios criaderos de minerales, tanto de España como de Europa / _cpor Joaquín Ezquerra del Bayo. |
| 250 | _a2ª ed. | ||
| 260 |
_aMadrid : _bSalvador Albert, _c1851 ( _fViuda de Antonio Yenes) |
||
| 300 |
_a581 p., [1] h. pleg., [19] h. de lám. pleg. ; _c22 cm. |
||
| 650 | 0 | 4 |
_aMinería. _915054 |
| 852 |
_aES-MaACL _jB-7979 |
||
| 999 |
_c53498 _d53498 |
||